[Event "Las Americas op U1800 Hybrid"]
[Site "Internet"]
[Date "2022.06.04"]
[Round "4.46"]
[White "Hernandez Fermin, Moises Alejandro"]
[Black "Ortiz Balbi, Francisco Johan"]
[Result "1-0"]
[WhiteElo "1388"]
[BlackElo "1272"]
[PlyCount "99"]
[EventDate "2022.06.04"]
[EventType "swiss"]
[EventRounds "6"]
[EventCountry "VEN"]
[SourceTitle "EXT 2024"]
[Source "ChessBase"]
[SourceDate "2023.10.10"]
[SourceVersion "1"]
[SourceVersionDate "2023.10.10"]
[SourceQuality "1"]

1. e4 g6 2. d4 Bg7 3. Nc3 d6 4. Bc4 a6 5. f4 Nd7 6. Nf3 b5 7. Bb3 e6 8. 0-0 Ne7 9. Be3 c5 10. dxc5 dxc5 11. a3 0-0 12. Qe2 Bb7 13. e5 Qc7 14. Rfd1 Rad8 15. Ng5 c4 16. Ba2 h6 17. Nge4 Nf5 18. Bf2 Nb6 19. g4 Ne7 20. Nd6 Rxd6 21. Rxd6 Ned5 22. Bxb6 Nxb6 23. Qe3 Nd5 24. Nxd5 Bxd5 25. Rxa6 Rd8 26. Qb6 Qxb6+ 27. Rxb6 Bf3 28. h3 Rd2 29. Rxb5 Rxc2 30. a4 Be2 31. Rb8+ Kh7 32. a5 c3 33. bxc3 Rxc3 34. Rb3 Rc5 35. Ra3 Ba6 36. Rb1 Bf8 37. Ra4 Rc2 38. Kh1 Bc5 39. f5 Be2 40. Rb3 Rc1+ 41. Kh2 Bd1 42. fxe6 Bxb3 43. Bxb3 fxe6 44. Bxe6 Rc2+ 45. Kh1 Rc1+ 46. Kg2 g5 47. a6 Ba7 48. Rb4 Ra1 49. Rb7+ Kg6 50. Bf5# 1-0

[Event "Hibrido del Sur op U2200"]
[Site "Porlamar"]
[Date "2021.08.28"]
[Round "3"]
[White "Barrera Tacuri, Jaime Jhoel"]
[Black "Hernandez Fermin, Moises Alejandro"]
[Result "1-0"]
[WhiteElo "1603"]
[BlackElo "1284"]
[PlyCount "119"]
[EventDate "2021.08.27"]
[EventType "swiss"]
[EventRounds "7"]
[EventCountry "VEN"]
[SourceTitle "EXT 2023"]
[Source "ChessBase"]
[SourceDate "2022.10.05"]
[SourceVersion "1"]
[SourceVersionDate "2022.10.05"]
[SourceQuality "1"]

1. d4 Nf6 2. Nf3 g6 3. Bf4 Bg7 4. e3 d6 5. h3 0-0 6. Be2 Nbd7 7. 0-0 c5 8. c3 Qc7 9. Nbd2 Re8 10. Bh2 Nb6 11. Rc1 Bd7 12. b4 cxb4 13. cxb4 Qd8 14. Qb3 Be6 15. Qb2 Rc8 16. Rfd1 Nfd5 17. Bc4 Nxc4 18. Nxc4 Rxc4 19. Rxc4 Nxe3 20. fxe3 Bxc4 21. a4 Bd5 22. Qc2 Bxf3 23. gxf3 Qd7 24. Rc1 Qxh3 25. Qe4 Qd7 26. b5 e6 27. Qc2 e5 28. d5 e4 29. Qc7 Qh3 30. Qxd6 Qxf3 31. Qf4 Qe2 32. d6 Qd2 33. Rc7 Qd1+ 34. Kg2 Qe2+ 35. Kh1 Qd1+ 36. Kg2 Qd5 37. Re7 Rd8 38. Qxe4 Qxe4+ 39. Rxe4 Bf8 40. Rd4 Rd7 41. Kf3 f5 42. e4 fxe4+ 43. Kxe4 Kf7 44. Kd5 g5 45. Rc4 h5 46. Rc7 Ke8 47. Ke6 Bxd6 48. Rxd7 Bxh2 49. Rxb7 g4 50. Rh7 Kd8 51. Rxh5 g3 52. Rg5 Kc7 53. Kd5 Kb6 54. Kc4 Kc7 55. Rg6 Kb7 56. a5 Kc7 57. b6+ axb6 58. axb6+ Kb7 59. Kb5 Bg1 60. Rg7+ 1-0

[Event "Hibrido del Sur op U2200"]
[Site "Porlamar"]
[Date "2021.08.28"]
[Round "4"]
[White "Hernandez Fermin, Moises Alejandro"]
[Black "Roa Romero, Miguelangel Alberto"]
[Result "1-0"]
[WhiteElo "1284"]
[BlackElo "1492"]
[PlyCount "111"]
[EventDate "2021.08.27"]
[EventType "swiss"]
[EventRounds "7"]
[EventCountry "VEN"]
[SourceTitle "EXT 2023"]
[Source "ChessBase"]
[SourceDate "2022.10.05"]
[SourceVersion "1"]
[SourceVersionDate "2022.10.05"]
[SourceQuality "1"]

1. e4 e6 2. d4 d5 3. exd5 exd5 4. Bd3 Nf6 5. Nf3 c6 6. c3 Bd6 7. Be3 Bg4 8. Nbd2 Nbd7 9. Qc2 Qc7 10. h3 Bh5 11. Rc1 b5 12. b3 Bg6 13. c4 Bxd3 14. Qxd3 dxc4 15. bxc4 bxc4 16. Nxc4 Bb4+ 17. Bd2 Bxd2+ 18. Qxd2 0-0 19. 0-0 Rac8 20. Nce5 Nxe5 21. Nxe5 Qd6 22. Qc3 Ne4 23. Qe3 Qd5 24. Rfe1 Nd6 25. Rc2 Rfe8 26. Qd2 h6 27. Rec1 Nb5 28. Nxc6 Kh8 29. Rc5 Qd7 30. Ne5 Qb7 31. Rxc8 Rxc8 32. Rxc8+ Qxc8 33. Nxf7+ Kg8 34. Ne5 Qd8 35. d5 Qf6 36. Ng4 Qd6 37. Ne3 Nc7 38. Qd4 Qb6 39. Qxb6 axb6 40. d6 Ne6 41. Nc4 b5 42. Na3 b4 43. Nc2 b3 44. axb3 Kf7 45. Ne3 Nd4 46. b4 Ke6 47. Nc4 Kd5 48. d7 Ne6 49. Ne3+ Kc6 50. Kh2 Kxd7 51. Kg3 g6 52. f4 Nd4 53. Kh4 Ne2 54. f5 g5+ 55. Kh5 Nf4+ 56. Kxh6 1-0

[Event "Hibrido del Sur op U2200"]
[Site "Porlamar"]
[Date "2021.08.27"]
[Round "1"]
[White "Guaraca Pintado, Juan Pablo"]
[Black "Hernandez Fermin, Moises Alejandro"]
[Result "1-0"]
[WhiteElo "1828"]
[BlackElo "1284"]
[PlyCount "107"]
[EventDate "2021.08.27"]
[EventType "swiss"]
[EventRounds "7"]
[EventCountry "VEN"]
[SourceTitle "EXT 2023"]
[Source "ChessBase"]
[SourceDate "2022.10.05"]
[SourceVersion "1"]
[SourceVersionDate "2022.10.05"]
[SourceQuality "1"]

1. e4 d6 2. d4 Nf6 3. Nc3 g6 4. Nf3 Bg7 5. Bc4 0-0 6. Bf4 c6 7. e5 dxe5 8. Nxe5 e6 9. 0-0 Nd5 10. Nxd5 exd5 11. Bd3 Nd7 12. Qd2 Re8 13. Rae1 Qb6 14. Nc4 Qd8 15. Bc7 Qxc7 16. Rxe8+ Nf8 17. Ne5 c5 18. Qf4 c4 19. Be2 g5 20. Qxf7+ Qxf7 21. Nxf7 Kxf7 22. Bh5+ Ng6 23. Rfe1 Bf6 24. Bg4 Ne7 25. Bh5+ Ng6 26. Bg4 Ne7 27. R1xe7+ Bxe7 28. Rxc8 Rxc8 29. Bxc8 b5 30. Kf1 Bf6 31. c3 a5 32. Ke2 b4 33. Kd2 Ke7 34. Bf5 h6 35. g3 Kd6 36. f4 Kc6 37. Bg6 Kd6 38. Be8 Ke6 39. Bc6 Kd6 40. Bb7 Ke6 41. h3 Kd6 42. f5 h5 43. Ke3 Bd8 44. Ba6 Bf6 45. Bb5 Ke7 46. Bc6 Kd6 47. Be8 h4 48. gxh4 gxh4 49. Kf4 Ke7 50. Bc6 Kd6 51. Bb7 Bd8 52. Kg4 Bf6 53. Ba6 Bd8 54. Kh5 1-0